Kríza odhalila nedostatky vo financovaní krajov chýbajú poistné mechanizmy, posilniť by sa mali aj vlastné príjmy
Predseda BSK Pavol Frešo, hovorí o financovaní krajov a vyššej samostatnosti a nezávislosti od financovania zo strany štátu. Financovanie samosprávnych krajov, zmeny a perspektívy.
Salvato in:
| Autore principale: | |
|---|---|
| Natura: | Capitolo di libro |
| Lingua: | slovacco |
| Soggetti: | |
| Tags: |
Nessun Tag, puoi essere il primo ad aggiungerne!!
|
MARC
| LEADER | 00000naa a2200000 4500 | ||
|---|---|---|---|
| 001 | 0121744 | ||
| 005 | 20220725111437.7 | ||
| 041 | 0 | |a slo | |
| 044 | |a SK | ||
| 245 | 1 | 0 | |a Kríza odhalila nedostatky vo financovaní krajov |b chýbajú poistné mechanizmy, posilniť by sa mali aj vlastné príjmy |c Miloš Nemeček |
| 520 | |a Predseda BSK Pavol Frešo, hovorí o financovaní krajov a vyššej samostatnosti a nezávislosti od financovania zo strany štátu. Financovanie samosprávnych krajov, zmeny a perspektívy. | ||
| 610 | 2 | 0 | |a vyššie územné celky |
| 610 | 2 | 0 | |a samospráva regionálna |
| 610 | 2 | 0 | |a samospráva |
| 610 | 2 | 0 | |a financovanie |
| 610 | 2 | 0 | |a zdroje finančné |
| 610 | 2 | 0 | |a rozpočet miestny |
| 610 | 2 | 0 | |a dane z príjmov |
| 610 | 2 | 0 | |a fondy štruktúrne |
| 610 | 2 | 0 | |a obce |
| 610 | 2 | 0 | |a kraje |
| 100 | 1 | |a Nemeček, Miloš | |